000 006220000a22001930004500
090 _aAR
_b03502
245 1 0 _aFaune dendrophile neotropicale Vl.
_sDiagnoses generiques et specifiques d'Acridoidea de la region de manaus (Orthoptera)
650 1 4 _aEntomología
_94483
650 1 4 _aTaxonomía animal
_98245
650 1 4 _aDistribución geográfica
_992997
650 1 4 _aMorfología animal
_99953
650 1 4 _aBiología
_992
651 4 _pAmérica del Sur
_992749
653 _fAcridoidea
041 0 _aFrancés
100 1 _aDescamps, Marius
_996618
942 _cARTICULO
773 1 _tRev. Fr. Ent.
_h3
_q311-330
_d1981
_g17
999 _c12552
_d12552